Statistics for Bungo Stray Dogs Characters by Ability

Click here to take the quiz!

General Stats

  • This quiz has been taken 1,565 times
  • The average score is 23 of 41

Answer Stats

HintAnswer% Correct
No Longer HumanOsamu Dazai
99%
The Madness of the Jewel KingA
98%
Beast Beneath the MoonlightNakajima Atsushi
96%
RashoumonRyuunosuke Akutagawa
91%
The Matchless PoetKunikida Doppo
88%
For The Tainted SorrowChuuya Nakahara
87%
Crime and PunishmentFyodor Dostoyevsky
87%
Vita SexualisOugai Mori
85%
Ultra-DeductionEdogawa Ranpo
83%
Thou Shall Not DieYosano Akiko
78%
Demon SnowKyouka Izumi
76%
The Great FitzgeraldFrancis Scott Key Fitzgerald
75%
Black Cat in the Rue MorgueEdgar Allan Poe
74%
All Men Are Created EqualYukichi Fukuzawa
74%
Light SnowTanizaki Junichirou
73%
Anne of Abyssal RedLucy Maud Montgomery
65%
Undefeated by the RainKenji Miyazawa
64%
FlawlessOda Sakunosuke
63%
Dogra MagraKyuusaku Yumeno
59%
The OvercoatNikolai Gogol
56%
Golden DemonKouyou Ozaki
55%
Huckleberry Finn & Tom SawyerMark Twain
52%
I am a Cat.Natsume Soseki
52%
Grapes of WrathJohn Steinbeck
49%
Little WomenLouisa May Alcott
49%
The Great Old OnesHoward Phillips Lovecraft
45%
Gone With the WindMargaret Mitchell
45%
The Scarlet LetterNathaniel Hawthorne
45%
Falling CamelliaRyuurou Hirotsu
45%
Discourse on DecadenceSakaguchi Ango
45%
Lemon BombKaiji Motojiro
42%
FutonKatai Tayama
42%
Moby DickHerman Melville
37%
DraconiaShibusawa Tatsuhiko
34%
Strait is the GateAndre Gide
27%
Feast in the Time of the PlagueAlexander Pushkin
25%
IlluminationsArthur Rimbaud
23%
The PrecipiceIvan Goncharov
23%
AnotherAyatsuji Yukito
17%
Yesterday's Shadow TagMizuki Tsujimura
17%
An Inherent Drop/ ExorcismNatsuhiko Kyougoku
9%

Score Distribution

Percentile by Number Answered

Percent of People with Each Score

Your Score History

You have not taken this quiz